MCSE : NT Server 4 in the Enterprise study Guide (Record no. 3479)

MARC details
000 -LEADER
fixed length control field 00423nam a2200145Ia 4500
008 - FIXED-LENGTH DATA ELEMENTS--GENERAL INFORMATION
fixed length control field 230312s9999||||xx |||||||||||||| ||und||
082 ## - DEWEY DECIMAL CLASSIFICATION NUMBER
Classification number 004.6
Item number DON
100 ## - MAIN ENTRY--PERSONAL NAME
Personal name Lisa Donald
245 #0 - TITLE STATEMENT
Title MCSE : NT Server 4 in the Enterprise study Guide
260 ## - PUBLICATION, DISTRIBUTION, ETC.
Name of publisher, distributor, etc. Sybex Computer Books INC
Place of publication, distribution, etc. USA
Date of publication, distribution, etc. 1996
300 ## - PHYSICAL DESCRIPTION
Extent 583
546 ## - LANGUAGE NOTE
Language note Eng.
650 ## - SUBJECT ADDED ENTRY--TOPICAL TERM
Topical term or geographic name entry element computer
Form subdivision Planning a Domain model in the Enterprise environment .
942 ## - ADDED ENTRY ELEMENTS (KOHA)
Koha item type BOOK
Holdings
Withdrawn status Lost status Source of classification or shelving scheme Damaged status Not for loan Home library Current library Date acquired Total Checkouts Full call number Barcode Date last seen Price effective from Koha item type
    Dewey Decimal Classification     Superior Information Resource Center (SIRC) Superior University- Central Library Superior Information Resource Center (SIRC) Superior University- Central Library 03/13/2023   004.6 DON 3493 03/13/2023 03/13/2023 BOOK

Powered by Koha